URSS nuevos métodos de la dirección económica /

Guardado en:
Detalles Bibliográficos
Autor corporativo: Pleno del CC del PCUS ( Moscú, Rusia)
Formato: Procedimiento de la conferencia Libro
Idioma:Español
Publicado: Moscú, Rusia : Agencia de Prensa Nóvosti, 1965
Etiquetas: Agrega una etiqueta
Sin etiquetas, Sé el primero en etiquetar este registro!

MARC

LEADER 00000nam^a2200000^a^4500
001 000571537
005 20250521000000.0
009 20260310132251.807
037 |a Acervo ITESO - Biblioteca 
041 |a ESP 
091 |a FGM. 04294 
111 |a Pleno del CC del PCUS (  |d 1965 :  |c Moscú, Rusia) 
245 1 0 |a URSS nuevos métodos de la dirección económica / 
264 1 |a Moscú, Rusia :  |b Agencia de Prensa Nóvosti,  |c 1965 
300 |a 130 p. 
336 |a texto  |b txt  |2 rdacontenido 
337 |a sin mediación  |b n  |2 rdamedio 
338 |a volumen  |b nc  |2 rdasoporte 
649 |a XX 
910 |a Fondo Efraín González Morfín 
920 |a Impresos - Libros 
930 |a Fondos Especiales 
905 |a 130 
901 |a 0500392895  |b IT2  |c ESL  |i D89666  |u 20250521 
902 |a https://opac.biblio.iteso.mx/vufind/Record/000571537